| 000 | 00406pab a2200157 454500 | ||
|---|---|---|---|
| 008 | 180718b2004 xxu||||| |||| 00| 0 eng d | ||
| 100 | _aPant, J.C. | ||
| 245 | _aProcess of urbanisation and rural - urban linkages | ||
| 260 | _c2004 | ||
| 300 | _ap.72-75. | ||
| 362 | _aJan-Jun | ||
| 650 | _aUrbanization | ||
| 700 | _aPant, Pushpa | ||
| 773 | _aJournal of Social and Economic Studies | ||
| 909 | _a63277 | ||
| 999 |
_c63277 _d63277 |
||